Normal view
MARC view
Entry Corporate Name
001 - CONTROL NUMBER
- control field: 5948
003 - CONTROL NUMBER IDENTIFIER
- control field: NUST
005 - DATE AND TIME OF LATEST TRANSACTION
- control field: 20171103154820.0
008 - FIXED-LENGTH DATA ELEMENTS
- fixed length control field: 171103|| aca||aabn | a|a d
040 ## - CATALOGING SOURCE
- Original cataloging agency: NUST
- Transcribing agency: NUST
110 ## - HEADING--CORPORATE NAME
- Corporate name or jurisdiction name as entry element:
- General subdivision: Computational Science and Engineering
670 ## - SOURCE DATA FOUND
- Source citation: Work cat.: (NUST): Fauzia Ehsan 5947, MS Thesis: Probabilistic Formal Modeling And Verification of Real Time Task Scheduling On Multiprocessor, C,2017.
